000 01046nam a2200349 a 4500
999 _c10680
_d10680
001 10680
003 BD-JhCC
005 20210927134021.0
008 180807s2012 enkb 000 f eng|d
020 _a0007466064
020 _a9780007466061
035 _a(UkLCURL)09DAW22849657
035 _a(UK-LoICS)DAW22849657
035 _a(UkNcU)000925302
035 _a(BD-JhCC)10680
038 _aUk
040 _aStDuBDS
_cStDuBDS
_dDAWSON
_dUkOxU
_dBD-JhCC
041 _aeng
082 0 4 _a813.6
_223
_bMAR 2012
090 _aNcl
_b813.54 MAR
100 1 _aMartin, George R. R.
245 1 2 _aA dance with dragons.
_n1,
_pdreams and dust /
_cGeorge R.R. Martin.
246 3 0 _aDreams and dust
260 _aLondon :
_bHarper Voyager,
_c2012.
300 _a690 p. :
_bmaps ;
_c20 cm.
490 1 _aSong of ice and fire ;
_vbk. 5, pt. 1
650 0 _aImaginary wars and battles
_vFiction.
650 0 _aKings and rulers
_vFiction.
650 0 _aAlchemy
_vFiction.
830 0 _aSong of ice and fire ;
_vbk. 5, pt. 1
942 _2ddc
_cBK
_07